000 00928cam a2200313 i 4500
001 200465093
003 TR-AnTOB
005 20250818110021.0
007 ta
008 250818s2022 tu a j tur
020 _a9786055300807
040 _aTR-AnTOB
_beng
_erda
_cTR-AnTOB
041 0 _atur
050 1 _aTK140.B37
090 _aJUN TK140.B37
_bŞ46 2022
100 1 _aŞener, Seda
_eauthor
_9149770
245 1 0 _aGraham Bell /
_b
_cSeda Şener ; resimleyen Murat Bingöl.
264 1 _aİstanbul :
_b5 Renk Yayınevi,
_c2022.
300 _a64 pages :
_billustrations ;
_c21 cm
336 _2rdacontent
_atext
_btxt
337 _2rdamedia
_aunmediated
_bn
338 _2rdacarrier
_avolume
_bnc
490 0 _aYayın Nu:
_v127
600 1 0 _aBell, Alexander Graham,
_d1847-1922
_9123093
650 0 _aBilim adamları
_9117415
700 1 _aBingöl, Murat
_9149772
942 _2lcc
_cBK
999 _c200465093
_d83305